00323nam a2200145Ia 4500003000400000005001700004008004100021020001500062040002000077100001500097245003200112260001600144260000900160300000800169OSt20240112123247.0170524s9999 xx 000 0 und d a1403911045 cIIMT UNIVERSITY aMAHAJAN, M 0aStatistical Quality Control bDhanpat Rai c2011 a554